000 02297nam0a2200373 4500
001 RU\NLR\bibl\1120024
005 20260405135415.0
010 _a5-8021-0594-1
_9200
021 _aRU
_b2007-46422
_92471
035 _a(nilc)EL/0000080578
035 _a(NLR Aleph) 001107009
090 _a1214185
_c1214185
100 _a20060825d2006 |||y0rusy50 ca
101 0 _arus
102 _aRU
105 _ay |||||||||
200 1 _aМногообразие языков народов России - национальное достояние и культурное богатство нашей страны
_eматериалы информационного семинара (21 февраля 2006 года)
_f[редкол.: к. э. н. Н. П. Фомичев и др.]
210 _aПетрозаводск
_cИзд-во ПетрГУ
_d2006
215 _a60 с.
_d20
300 _aВ надзаг.: Рос. акад. гос. службы при Президенте Рос. Федерации, Федер. гос. образоват. учреждение высш. проф. образования "Сев.-Зап. акад. гос. службы", Кар. фил. федер. гос. образоват. учреждения высш. проф. образования "Сев.-Зап. акад. гос. службы" в г. Петрозаводске
320 _aБиблиогр. в подстроч. прим.
606 0 _aЯзыковая политика
_jСъезды, совещания и т.п.
_yРоссийская Федерация
_92188479
_3RU\NLR\auth\661315691
606 1 _aРусский язык
_jСъезды, совещания и т.п.
_xДиалекты профессиональные и социальные
_91533182
_3RU\NLR\auth\66969142
686 _a81.21(2)я431
_vLBC/RL
_2rubbk
686 _aШ121(2)я431
686 _aШ141.12-57я431
702 1 _4340
_7ca
_8rus
_aФомичев
_bН. П.
_cканд. экон. наук
_gНиколай Петрович
_938756
_3RU\NLR\auth\7755824
801 0 _aRU
_bНБР Карелия
_c20060825
_grcr
801 1 _aRU
_bНБР Карелия
_c20060825
801 2 _aRU
_bNLR
_c20070823
_grcr
942 _cBOOK
980 _aNB